| 000 | 01703nam a2200253Ia 4500 | ||
|---|---|---|---|
| 003 | Ost | ||
| 005 | 20260507075037.0 | ||
| 008 | 260507s9999||||xx |||||||||||||| ||und|| | ||
| 020 | _a9957111698 | ||
| 040 | _cfsecg | ||
| 041 | _aara | ||
| 082 | _a330 | ||
| 100 |
_aالساطي، علاء عبد الرزاق _eمؤلف |
||
| 245 | 0 |
_aتقنيات المعلومات الإدارية / _c علاء عبد الرزاق الساطي |
|
| 260 |
_aعمان: _bدار وائل للطباعة والنشر, _c2001 |
||
| 300 |
_a345 صفحة؛ _bإيضاحات ؛ _c25 سم |
||
| 520 | _aنبذة تاريخية عن المعلوماتية-المدخل إلى تقنيات المعلومات الإدارية-أهمية تقنيات المعلومات في حل المشاكل الادارية-تطورات جديدة في تقنيات المعلومات الإدارية-مستقبل تقنيات المعلومات-تقنيات المعلومات الإدارية الأجهزة-تقنيات المعلومات الإدارية البرمجيات-تقنيات المعلومات الإدارية الشبكات-تقنيات المعلومات شبكة الانترنيت-تقنيات المعلومات الادارية امن المعلومات-تقنيات المعلومات الإدارية حماية قواعد البيانات-تقنيات المعلومات الادارية الفيروسات-تقنيات المعلومات الادارية حالات تطبيقية | ||
| 653 | _aالإدارة | ||
| 653 | _aالانترنيت | ||
| 653 | _aالبرمجيات | ||
| 653 | _aالمعلومات | ||
| 700 |
_aالدباغ، رياض حامد _eمؤلف ثانوي |
||
| 942 | _cكتاب | ||
| 999 |
_c42466 _d42466 |
||